| 000 | 00648nam a22002297a 4500 | ||
|---|---|---|---|
| 001 | 29897 | ||
| 003 | BD-RjUL | ||
| 005 | 20211209051458.0 | ||
| 008 | 140408b xxu||||| b||| 00| 0 eng d | ||
| 035 | _a(BD-RjUL)29982 | ||
| 040 |
_aBD-RjUL _beng _cBD-RjUL |
||
| 041 | _aeng | ||
| 082 | 0 | 4 |
_220 _a155.4 _bAHC V-1 |
| 100 | 1 |
_aAhmad, Mrs. Mehrunnisa. _990955 |
|
| 245 | 1 | 0 |
_aChild psychology / _cMrs. Mehrunnisa Ahmad. _nVolume I |
| 250 | _a1st ed. | ||
| 260 |
_aDacca : _bFarco's Publications, _c1956. |
||
| 300 |
_ax, 240 p. ; _c19 cm. |
||
| 504 | _aIncludes bibliographical references. | ||
| 650 | 0 |
_aChild psychology. _990956 |
|
| 942 |
_2ddc _cBK |
||
| 999 |
_c29897 _d29897 |
||